Measurement of Gender Stereotyping in Technological Domains: A Literature Review

Odhaľovanie potenciálu žien v rozvoji digitálnych zručností. Vysvetlenie mechanizmu rodovej stereotypizácie a meranie rodových stereotypov v technologických doménach. Predloženie teoretického prehľadu súčasných opatrení, určených na meranie rodových stereotypov, súvisiacich s informáciami a komunika...

Description complète

Enregistré dans:
Détails bibliographiques
Auteur principal: Kocúrová, Nina, 1997-
Autres auteurs: Hanák, Róbert, 1979-, Romanová, Anita, 1973-, Blštáková, Jana, 1980-
Format: Chapitre de livre
Langue:anglais
Sujets:
Tags: Ajouter un tag
Pas de tags, Soyez le premier à ajouter un tag!

MARC

LEADER 00000naa$a2200000$$$4500
001 0303374
005 20250729093826.6
041 0 |a eng 
044 |a HR 
245 1 0 |a Measurement of Gender Stereotyping in Technological Domains: A Literature Review  |c Nina Kocúrová, Róbert Hanák, Anita Romanová, Jana Blštáková 
520 |a Odhaľovanie potenciálu žien v rozvoji digitálnych zručností. Vysvetlenie mechanizmu rodovej stereotypizácie a meranie rodových stereotypov v technologických doménach. Predloženie teoretického prehľadu súčasných opatrení, určených na meranie rodových stereotypov, súvisiacich s informáciami a komunikačnými technológiami (IKT) a inými technologickými oblasťami. Ich vzájomné porovnanie s cieľom identifikovať to najlepšie pre praktické využitie vo firmách. 
610 2 0 |a diskriminácia rodová 
610 2 0 |a testy 
610 2 0 |a meranie 
610 2 0 |a technológie informačné 
610 2 0 |a technológie komunikačné 
610 2 0 |a technológie inteligentné 
610 2 0 |a technológie nové 
610 2 0 |a riadenie ľudských zdrojov 
610 2 0 |a digitalizácia 
610 2 0 |a podnikanie 
610 2 0 |a podnik 
100 1 |a Kocúrová, Nina, 1997- 
700 1 |a Hanák, Róbert, 1979- 
700 1 |a Romanová, Anita, 1973- 
700 1 |a Blštáková, Jana, 1980-